| 000 | 00643ntaaa2200217 4500 | ||
|---|---|---|---|
| 003 | 01 | ||
| 005 | 20251027200621.0 | ||
| 008 | 0714s1973 ag 01 | ||
| 020 | _a0534004695 | ||
| 040 |
_aAR-BaBN _bspa _cAR-BaBN _eaacr _dRIC |
||
| 082 | _a305.26 Sch8e | ||
| 100 |
_aSchulz, James H _92151 |
||
| 245 |
_aThe economics of aging / _cJames H Schulz, |
||
| 250 | _a1 ed. | ||
| 260 |
_aBelmont : _bWadsworth Pu. Co, _c1976 |
||
| 300 |
_axv, 188 p ; _ccuadros estadisticos; 22,5 cm |
||
| 500 | _aContiene bibliografias, refereencias bibliograficas e indices | ||
| 650 | _aServicio Social | ||
| 650 |
_aAncianos-Condicion Social _92152 |
||
| 942 | _cBK | ||
| 999 |
_c821 _d821 |
||